Magic Kingdom Attractions - Statistics

General Stats
  • This quiz has been taken 114 times
  • The average score is 6 of 33
Answer Stats
Hint Answer % Correct
Tomorrowland Space Mountain
79%
Adventureland Pirates of the Caribbean
65%
Fantasyland "it's a small world"
49%
Adventureland Jungle Cruise
48%
Liberty Square Haunted Mansion
47%
Frontierland Big Thunder Mountain Railroad
33%
Liberty Square The Hall of Presidents
30%
Fantasyland Peter Pan's Flight
28%
Fantasyland The Many Adventures of Winnie the Pooh
25%
Fantasyland Seven Dwarfs Mine Train
21%
Storybook Circus The Barnstormer
21%
Frontierland Country Bear Jamboree
20%
Storybook Circus Dumbo the Flying Elephant
18%
Adventureland The Magic Carpets of Aladdin
16%
Tomorrowland Astro Orbiter
13%
Adventureland Swiss Family Treehouse
13%
Tomorrowland TRON Lightcycle / Run
13%
Fantasyland Mad Tea Party
11%
Tomorrowland Tomorrowland Speedway
11%
Frontierland Buzz Lightyear's Space Ranger Spin
10%
Frontierland Tom Sawyer Island
9%
Tomorrowland Monsters Inc. Laugh Floor
8%
Fantasyland Mickey's PhilharMagic
7%
Adventureland Walt Disney's Enchanted Tiki Room
7%
Liberty Square Liberty Square Riverboat
4%
Main Street USA Main Street Vehicles
4%
Tomorrowland Tomorrowland Transit Authority Peoplemover
4%
Main Street, USA; Fantasyland; Frontierland Walt Disney World Railroad
4%
Tomorrowland Walt Disney's Carousel of Progress
3%
Frontierland Frontierland Shootin' Arcade
2%
Fantasyland Under the Sea - Journey of the Little Mermaid
2%
Storybook Circus Casey Jr. Splash 'N' Soak Station
1%
Fantasyland Prince Charming's Regal Carrousel
1%
No matching quizzes found
Score Distribution
Percent of People with Each Score
Percentile by Number Answered
Your Score History
You have not taken this quiz